| 000 | 00344nam a2200133Ia 4500 | ||
|---|---|---|---|
| 005 | 20251222143252.0 | ||
| 008 | 251222s9999||||xx |||||||||||||| ||spa|| | ||
| 020 | _a968-26-1269-1 | ||
| 082 | _a658.401/A13 | ||
| 100 | _aAbell, Derek F. | ||
| 245 | 0 | _aLa Administración con Estrategias Duales: | |
| 264 | _bEditorial Continental | ||
| 942 | _cLIB | ||
| 999 |
_c14993 _d14993 |
||